| 000 | 01240cam a2200289 i 4500 | ||
|---|---|---|---|
| 001 | 4569177 | ||
| 005 | 19840126000000.0 | ||
| 008 | 750103s1974 nyua b 001 0 eng | ||
| 010 | _a 74011702 | ||
| 020 |
_a0671219006 : _c$8.95 |
||
| 040 |
_aDLC _cDLC _dDLC |
||
| 041 | 1 | _aengger | |
| 050 | 0 | 0 |
_aQ310 _b.V36 1974 |
| 082 | 0 | 0 |
_a001.53 _222 _bCOM |
| 245 | 1 | 4 |
_aThe way things work book of the computer : _ban illustrated encyclopedia of information science, cybernetics, and data processing / _c[translation and adaptation by C. van Amerongen]. |
| 260 |
_aNew York : _bSimon and Schuster, _c1974 |
||
| 300 |
_aviii, 245 p. : _bcol. ill. ; _c22 cm. |
||
| 500 | _aIncludes index. | ||
| 504 | _aTranslation and adaptation of Wie funktioniert das? Information, issued by the Bibliographisches Institut A.G., Mannheim. | ||
| 650 | 0 |
_aCybernetics. _96006 |
|
| 650 | 0 |
_aInformation theory. _96007 |
|
| 650 | 0 |
_aComputers. _96008 |
|
| 710 | 2 |
_aBibliographisches Institut (Mannheim, Germany). _tWie funktioniert das? Information. _96009 |
|
| 740 | _aBook of the computer. | ||
| 942 |
_2ddc _cBB |
||
| 999 |
_c11790 _d11790 |
||